THE ENGLISH ENHANCEMENT BOOK (Record no. 12553)

MARC details
000 -LEADER
fixed length control field 00263nam a22000977a 4500
008 - FIXED-LENGTH DATA ELEMENTS--GENERAL INFORMATION
fixed length control field 240404b |||||||| |||| 00| 0 eng d
020 ## - INTERNATIONAL STANDARD BOOK NUMBER
International Standard Book Number 9789350125052
100 ## - MAIN ENTRY--PERSONAL NAME
Personal name BHATIA
245 ## - TITLE STATEMENT
Title THE ENGLISH ENHANCEMENT BOOK
260 ## - PUBLICATION, DISTRIBUTION, ETC. (IMPRINT)
Place of publication, distribution, etc. NEW DELHI
Name of publisher, distributor, etc. RAMESH PUBLISHING HOUSE
Date of publication, distribution, etc. 2014
Holdings
Withdrawn status Lost status Source of classification or shelving scheme Damaged status Koha normalized classification for sorting Not for loan Home library Current library Shelving location Date acquired Total Checkouts Full call number Barcode Date last seen Price effective from Koha item type
    Dewey Decimal Classification   BHA_425_000000000000000   Good Samaritan School Library Good Samaritan School Library English Grammar 04/04/2024   BHA425 BHA17873 04/04/2024 04/04/2024 BOOK

Powered by Koha